| 000 | 01113nam a22002057a 4500 | ||
|---|---|---|---|
| 005 | 20250903163555.0 | ||
| 010 | _aB-776965-980 HIN-130424 25BACHN25 | ||
| 020 |
_c175.00 _a9789363185456 |
||
| 035 | _aB-776965-980 HN-102770 | ||
| 037 | _bडायमंड बुक्स | ||
| 037 | _bDBAD | ||
| 082 | _a305.568 | ||
| 100 |
_aअम्बेडकर, बी.आर _984681 |
||
| 245 |
_aजात-पांत का विनाश/ _cबी.आर अम्बेडकर |
||
| 260 |
_aनोएडा _bडायमंड बुक्स _c2024 |
||
| 270 |
_aB-23, सैक्टर 59, _bनोएडा, _e 201301(उ.प्र.) |
||
| 300 |
_a118पृ. _c21सेमी. (अजिल्द) |
||
| 942 |
_2ddc _cHN _mअम्बेड _h305.568 |
||
| 999 |
_c209993 _d209993 |
||